00915nac a22002651u 4500010001700000020002200017020002100039020003600060035002200096082001300118090001500131100003400146245008500180250001200265260005400277300004200331500002500373504005100398511002800449650002000477700002100497942001500518999001500533952010100548 a 2003114595 a0324260393 (pkg.) a0324290659 (bk.) a0324359195 (pbk. : 2006 update) a(DLC) 200311459500a339bHAL c8725d8725 aHall, Robert Ernest, 10aMacroeconomics :bprinciples and applications /cRobert E. Hall, Marc Lieberman. a3rd ed. aMason, OH :bThomson/South-Western,c2006.cc2006. axxiii, 528, [14] p. :bill. ;c26 cm. aDistributer: Baccah. aIncludes bibliographical references and index. aCatalogued By: Mahitab. 0aMacroeconomics.1 aLieberman, Marc. cBBk339HAL c8725d8725 00104070aMAINbMAINc1STd2008-03-18ePurchasel0o339HALp000010679r2025-07-15 00:00:00yBB